| 000 | 00804nam a2200193 i 4500 | ||
|---|---|---|---|
| 001 | 155209 | ||
| 003 | ES-MaACL | ||
| 005 | 20230906210008.0 | ||
| 008 | 960215s1764 it |||| | lat d | ||
| 040 |
_aEUS _bspa _cEUS |
||
| 100 | 1 |
_aHeineccius, Johann Gottlieb ( _d1681-1741) _9127831 |
|
| 245 | 1 | 0 | _aJo. Gottlieb Heineccii JC... Antiquitatum romanarum jurisprudentiam illustrantium syntagma secundùm ordine, Institutionum justiniani... ; pars prima. |
| 260 |
_aVenetiis : _bex Typographia Balleoniana..., _c1764. |
||
| 300 |
_aXXIV, 562 p. ; _c12°. |
||
| 597 | _aSign.: *12, A-Z12, 2A5. | ||
| 597 | _aPort. con grab. xil. | ||
| 597 | _aApostillas marginales. | ||
| 852 |
_aES-MaACL _jR-531-32 _xOlim: D-497-8 _z-- Enc. perg. con cierres _x-- Edic: Ejempl. con anotaciones marginales |
||
| 999 |
_c155209 _d155209 |
||